<?xml version="1.0" encoding="UTF-8"?>
<record
    xmlns:xsi="http://www.w3.org/2001/XMLSchema-instance"
    xsi:schemaLocation="http://www.loc.gov/MARC21/slim http://www.loc.gov/standards/marcxml/schema/MARC21slim.xsd"
    xmlns="http://www.loc.gov/MARC21/slim">

  <leader>02169nam a2200277 a 4500</leader>
  <controlfield tag="001">000010608</controlfield>
  <controlfield tag="003">DO-SdBNP</controlfield>
  <controlfield tag="005">20240412074220.0</controlfield>
  <controlfield tag="008">091008s1994    dr a          001 0 spa d</controlfield>
  <datafield tag="040" ind1=" " ind2=" ">
    <subfield code="a">DO-SdBNP</subfield>
    <subfield code="b">spa</subfield>
    <subfield code="c">BNPHU</subfield>
  </datafield>
  <datafield tag="082" ind1=" " ind2=" ">
    <subfield code="a">RD861.44</subfield>
    <subfield code="b">P228a</subfield>
  </datafield>
  <datafield tag="245" ind1="0" ind2="0">
    <subfield code="a">Par&#xE9;ntesis /</subfield>
    <subfield code="c">Rafael Romero... [et al.].</subfield>
  </datafield>
  <datafield tag="260" ind1=" " ind2=" ">
    <subfield code="a">Santo Domingo :</subfield>
    <subfield code="b">B&#xFA;ho,</subfield>
    <subfield code="c">1994.</subfield>
  </datafield>
  <datafield tag="300" ind1=" " ind2=" ">
    <subfield code="a">114 p. :</subfield>
    <subfield code="b">il. ;</subfield>
    <subfield code="c">21 cm.</subfield>
  </datafield>
  <datafield tag="505" ind1="0" ind2=" ">
    <subfield code="a">Presentaci&#xF3;n --</subfield>
    <subfield code="t">Agon&#xED;a de la rata ;</subfield>
    <subfield code="t">Estos pasos ;</subfield>
    <subfield code="t">Vanidad ;</subfield>
    <subfield code="t">Eleg&#xED;a a diciembre ;</subfield>
    <subfield code="t">Preocupaci&#xF3;n final ;</subfield>
    <subfield code="t">Soledad de la rosa ;</subfield>
    <subfield code="t">Sentencia ;</subfield>
    <subfield code="t">Confesi&#xF3;n ;</subfield>
    <subfield code="t">Mar&#xED;a, rostro de flores ;</subfield>
    <subfield code="t">Verdades ;</subfield>
    <subfield code="t">Esos ojos ;</subfield>
    <subfield code="t">Dame ;</subfield>
    <subfield code="t">Alegr&#xED;a suprema ;</subfield>
    <subfield code="t">Quiero ;</subfield>
    <subfield code="t">Esa sonrisa /</subfield>
    <subfield code="r">Rafael Romano --</subfield>
    <subfield code="t">Intento ;</subfield>
    <subfield code="t">Bolet&#xED;n ;</subfield>
    <subfield code="t">Los inventores ;</subfield>
    <subfield code="t">Ausencia ;</subfield>
    <subfield code="t">Inventario de una mujer prevenida ;</subfield>
    <subfield code="t">La muchacha ;</subfield>
    <subfield code="t">Guachupitera ;</subfield>
    <subfield code="t">El amor ;</subfield>
    <subfield code="t">Los amantes /</subfield>
    <subfield code="r">Alexis Pe&#xF1;a --</subfield>
    <subfield code="t">A la altura de la vida ;</subfield>
    <subfield code="t">Ya no quiero callar ;</subfield>
    <subfield code="t">Personajes ;</subfield>
    <subfield code="t">Pobladores de esperanza ;</subfield>
    <subfield code="t">Te regalo mi infancia ;</subfield>
    <subfield code="t">Poes&#xED;a a la mujer ;</subfield>
    <subfield code="t">Tambor y negro ;</subfield>
    <subfield code="t">Inalcanzable plenitud ;</subfield>
    <subfield code="t">Mariposa ;</subfield>
    <subfield code="t">Oraci&#xF3;n de los campesinos al Dios caminante /</subfield>
    <subfield code="r">Kenida Melo Mart&#xED;nez --</subfield>
    <subfield code="t">Ciudad del Universo ;</subfield>
    <subfield code="t">Rio Ozama ;</subfield>
    <subfield code="t">Pueblo amigo ;</subfield>
    <subfield code="t">Patria ;</subfield>
    <subfield code="t">Santo Domingo, 20 de septiembre de 1992. Marcha cimarrona. Muerte de Efra&#xED;n Ortiz ;</subfield>
    <subfield code="t">Transformaci&#xF3;n ;</subfield>
    <subfield code="t">Quisiera ;</subfield>
    <subfield code="t">Tu llegada ;</subfield>
    <subfield code="t">T&#xFA; ;</subfield>
    <subfield code="t">Primer cap&#xED;tulo ;</subfield>
    <subfield code="t">Junto a t&#xED; ;</subfield>
    <subfield code="t">Reclamo de amor ;</subfield>
    <subfield code="t">No temas ;</subfield>
    <subfield code="t">Primog&#xE9;nito del amor ;</subfield>
    <subfield code="t">Sabes a tiempo ;</subfield>
    <subfield code="t">Compa&#xF1;era ausente ;</subfield>
    <subfield code="r">Roberto Guzm&#xE1;n --</subfield>
    <subfield code="t">Salmo a la vida ;</subfield>
    <subfield code="t">Don supremo ;</subfield>
    <subfield code="t">Poema a la esperanza ;</subfield>
    <subfield code="t">Poemas del quiero ser ;</subfield>
    <subfield code="t">Quiero ser &#xE1;rbol ;</subfield>
    <subfield code="t">Quiero ser r&#xED;o ;</subfield>
    <subfield code="t">Quiero ser ave ;</subfield>
    <subfield code="t">Quiero ser viento ;</subfield>
    <subfield code="t">Quiero ser tierra ;</subfield>
    <subfield code="t">Invitaci&#xF3;n ;</subfield>
    <subfield code="t">Golpes ;</subfield>
    <subfield code="t">Distancia ;</subfield>
    <subfield code="t">Desaf&#xED;o ;</subfield>
    <subfield code="t">Poemas del sol ;</subfield>
    <subfield code="t">Poema a la alegr&#xED;a /</subfield>
    <subfield code="r">Nicol&#xE1;s Guevara.</subfield>
  </datafield>
  <datafield tag="590" ind1=" " ind2=" ">
    <subfield code="a">Inventariado, 2018/LP</subfield>
  </datafield>
  <datafield tag="650" ind1=" " ind2="0">
    <subfield code="a">Poes&#xED;a dominicana</subfield>
    <subfield code="9">66</subfield>
  </datafield>
  <datafield tag="650" ind1=" " ind2="0">
    <subfield code="a">Literatura dominicana.</subfield>
    <subfield code="9">67</subfield>
  </datafield>
  <datafield tag="700" ind1="1" ind2="2">
    <subfield code="a">Romero, Rafael</subfield>
    <subfield code="9">20893</subfield>
  </datafield>
  <datafield tag="700" ind1="1" ind2="2">
    <subfield code="a">Pe&#xF1;a, Alexis</subfield>
    <subfield code="9">5700</subfield>
  </datafield>
  <datafield tag="700" ind1="1" ind2="2">
    <subfield code="a">Melo Mart&#xED;nez, K&#xE9;nida</subfield>
    <subfield code="9">25685</subfield>
  </datafield>
  <datafield tag="700" ind1="1" ind2="2">
    <subfield code="a">Guzm&#xE1;n, Roberto</subfield>
    <subfield code="9">25686</subfield>
  </datafield>
  <datafield tag="700" ind1="1" ind2="2">
    <subfield code="a">Guevara, Nicol&#xE1;s</subfield>
    <subfield code="9">22224</subfield>
  </datafield>
  <datafield tag="910" ind1=" " ind2=" ">
    <subfield code="a">Validado. Control de calidad MMOLINA</subfield>
  </datafield>
  <datafield tag="942" ind1=" " ind2=" ">
    <subfield code="2">ddc</subfield>
    <subfield code="c">LBS1</subfield>
  </datafield>
  <datafield tag="952" ind1=" " ind2=" ">
    <subfield code="0">0</subfield>
    <subfield code="1">0</subfield>
    <subfield code="2">ddc</subfield>
    <subfield code="5">1</subfield>
    <subfield code="7">0</subfield>
    <subfield code="8">PD</subfield>
    <subfield code="a">BNPHU</subfield>
    <subfield code="b">PD</subfield>
    <subfield code="c">HD</subfield>
    <subfield code="d">2009-10-08</subfield>
    <subfield code="l">0</subfield>
    <subfield code="o">BNPHU PD RD861.44 P228a</subfield>
    <subfield code="p">10608-10</subfield>
    <subfield code="r">2020-06-25</subfield>
    <subfield code="w">2020-06-25</subfield>
    <subfield code="y">LFPD</subfield>
  </datafield>
  <datafield tag="952" ind1=" " ind2=" ">
    <subfield code="0">0</subfield>
    <subfield code="1">0</subfield>
    <subfield code="2">ddc</subfield>
    <subfield code="5">3</subfield>
    <subfield code="7">2</subfield>
    <subfield code="8">PD</subfield>
    <subfield code="a">BNPHU</subfield>
    <subfield code="b">PD</subfield>
    <subfield code="c">HD</subfield>
    <subfield code="d">2009-10-08</subfield>
    <subfield code="l">0</subfield>
    <subfield code="o">BNPHU PD RD861.44 P228a</subfield>
    <subfield code="p">10608-20</subfield>
    <subfield code="r">2020-06-25</subfield>
    <subfield code="t">e.2</subfield>
    <subfield code="w">2020-06-25</subfield>
    <subfield code="y">LFPD</subfield>
  </datafield>
  <datafield tag="999" ind1=" " ind2=" ">
    <subfield code="c">10366</subfield>
    <subfield code="d">10366</subfield>
  </datafield>
</record>
